000
00332pam a2200157a 44500
008
230515b5 xxu||||| |||| 00| 0 eng d
020
_a
NULL
041
_a
ENG
082
_a
611
100
_a
B D Chaurasia
245
_a
Human Anatomy vol 3
250
_a
0
260
_a
NULL
_b
"C B S, nd, "
_c
5
300
_a
415
650
_a
N.D.
999
_c
524509
_d
524509